Muzeológia a kultúrne dedičstvo [interdisciplinárny vedecký recenzovaný časopis]

Salvato in:
Dettagli Bibliografici
Natura: Periodico
Lingua:inglese
slovacco
Pubblicazione: Bratislava Muzeológia a kultúrne dedičstvo
Tags: Aggiungi Tag
Nessun Tag, puoi essere il primo ad aggiungerne!!

MARC

LEADER 00000nas1a2200000 4500
001 0278649
005 20250701092116.3
022 |a 2453-9759 
022 |a 1339-2204 
041 0 |a eng 
041 0 |a slo 
044 |a SK 
245 1 0 |a Muzeológia a kultúrne dedičstvo  |b [interdisciplinárny vedecký recenzovaný časopis] 
264 1 |a Bratislava  |b Muzeológia a kultúrne dedičstvo